| 000 | 00425nam a2200157 a 4500 | ||
|---|---|---|---|
| 005 | 20140310183437.0 | ||
| 008 | 080304s19uu xx 00 eng d | ||
| 020 | _a0425208494 | ||
| 050 |
_aPZ 7 _b.Si613 2006 |
||
| 100 | _aSimpson, Donna Lea | ||
| 245 |
_aAwaiting the moon / _cDonna Lea Simpson. |
||
| 260 |
_aNew York : _bBerkley Sensation, _c2006. |
||
| 300 |
_a360 p. : _c18 cm. |
||
| 650 | _aFiction. | ||
| 942 |
_cBK _2lcc |
||
| 999 |
_c22951 _d22951 |
||